History Quiz

Random History or Artist Quiz
Score 0/12 Timer 08:00
1 Play Today
% Correct
Andy Warhol
89.3%
Frida Kahlo
88.5%
Salvador Dalí
88%
Pablo Picasso
79.8%
Leonardo Da Vinci
79.6%
Jackson Pollock
69.4%
Claude Monet
49.6%
Vincent van Gogh
40.6%
Georgia O'Keeffe
26.3%
Michelangelo
21.5%
Henri Matisse
12.7%
Edvard Munch
6.5%
Remove Ads.
Support Sporcle.
Get the best of Sporcle when you Go Orange. This ad-free experience offers more features, more stats, and more fun while also helping to support Sporcle. Thank you for becoming a member.

You're not logged in!

Compare scores with friends on all Sporcle quizzes.
OR
Log In

Show Comments

Extras

Top Quizzes Today


Score Distribution

Your Account Isn't Verified!

In order to create a playlist on Sporcle, you need to verify the email address you used during registration. Go to your Sporcle Settings to finish the process.

Report this User

Report this user for behavior that violates our Community Guidelines.

Details: